00750cam a22002293a 45000010005000000030006000050050017000110080041000280400015000690420007000840500007000911000057000982450090001552600029002455060030002745160020003046530032003246530066003566530029004228300028004518560041004793019PGUSA20140828083024.0020101s2002||||xxu|||||s|||||000 1 eng d aPGUSAbeng adc 4aPR1 aRichardson, Dorothy M.q(Dorothy Miller),d1873-195710aPointed Roofs :bPilgrimage, Volume 1h[electronic resource] /cDorothy M. Richardson bProject Gutenberg,c2002 aPublic domain in the USA. aElectronic text aWomen -- England -- Fiction aEngland -- Social life and customs -- 20th century -- Fiction aAutobiographical fiction 0aProject Gutenbergv301940uhttp://www.gutenberg.org/ebooks/3019